000 01045nam a2200253Ia 4500
999 _c4446
_d4446
003 OSt
005 20200610205006.0
008 191128s1977 mx a fr 000 0dspa d
040 _aCO-JMCR
_cCO-JMCR
041 1 _aspa
_heng
082 0 4 _a330.015195 /
_bM571i
_223
100 1 _aMerrill, William c.,
_eautor
_95449
245 1 0 _aIntroducción a la estadística económica /
_cWilliam C. Merrill ; traducción Mauricio Kitaigorodzki
260 _a México ; Buenos Aires :
_bAmorrorttu editores,
_c1977
300 _a734 páginas :
_bilustraciones a blanco y negro ;
_c23 cm.
500 _aIncluye datos biográficos del autor.
505 0 _aEconomía y estadística -- Estadística Descriptiva -- Medición de los cambios en los agregados económicos -- Probabilidad básica --Distribuciones de probabilidad
534 _pIntroduction to Economic Statistics
546 _atraducido del inglés
650 1 4 _aEstadística
_95450
650 1 4 _aEconomía
_95451
700 1 _aKitaigorodzki, Mauricio,
_etraductor
_95452
942 _2ddc
_cBK